La decoración y su arte : dormitorios /

Na minha lista:
Detalhes bibliográficos
Outros Autores: Asensio Cerver, Francisco (dir.) Condutor
Formato: Livro
Idioma:espanhol
Assuntos:
Tags: Adicionar Tag
Sem tags, seja o primeiro a adicionar uma tag!

MARC

LEADER 00000nam^a2200000^a^4500
001 000186695
005 20250521000000.0
009 20260310102233.564
020 |a 84-86265-33-9 
020 |a 84-86265-31-2 
037 |a Acervo ITESO - Biblioteca 
041 |a ESP 
082 |a 747. 7  |b ASE V. 2 
100 |a Asensio Cerver, Francisco  |e (dir.) 
240 1 4 |a [La decoración y su arte] 
245 1 3 |a La decoración y su arte :  |b dormitorios /  |c Dir. de F. Asensio Cerver. 
264 |a Barcelona, España :  |b Interindex,  |c 1985 
300 |a 79 p. 
336 |a texto  |b txt  |2 rdacontenido 
337 |a sin mediación  |b n  |2 rdamedio 
338 |a volumen  |b nc  |2 rdasoporte 
649 |a XX 
650 |a Dormitorios -  |x Tema Principal 
650 |a Muebles de Recámara 
650 |a Decoración y Ornamentación 
650 |a Arquitectura -  |x Historia y Crítica 
910 |a Fondo Julio de la Peña Lomelín 
920 |a Impresos - Libros 
930 |a Arquitectos Jaliscienses 
905 |a 115 
901 |a 0500128451  |b IT1  |c JAL  |u 20250521 
902 |a https://opac.biblio.iteso.mx/vufind/Record/000186695